LEADER 01592nam a2200313 u 4500 001 000000005272 003 CaOOAMICUS 005 20070226104737.0 008 940514s1928 it u000 u ita u 035 $a10139185 040 $aPUL(R)$bita 100 1 $aGothein, Eberhard,$d1853-1923.$0(OLS)http://pul/name/5508 245 12$aL'età della controriforma :$blo stato cristiano-sociale dei gesuiti nel Paraguay /$cEberhard Gothein. 250 $a2. ed. corretta (L'età della controriforma) 260 $aVenezia :$bLa Nuova Italia,$c1928. 300 $a308 p. ;$c22 cm 490 1 $aStorici antichi e moderni 500 $aL'età della controriforma, trad. di G. Thiel ; Lo Stato cristiano-sociale dei Gesuiti, trad. di G. Sanna. 610 24$aGesuiti$zParaguay$xStoria.$0(OLS)http://pul/subject/4671 650 4$aControriforma$xStoria.$0(OLS)http://pul/subject/4672 700 12$aSanna, G.$0(OLS)http://pul/name/5510 700 12$aThiel, G.$0(OLS)http://pul/name/5509 830 0$aStorici antichi e moderni.$0(OLS)http://pul/title/7718 850 $aPUL 852 $aPUL$W1$xDP1 Altre Collocazioni$y17$mSenza collocazione$j12$nBK-PRI$b $qStampati$B7389$CPULBib$Z2$F7389 $H $81 852 $aPUL$W1$xDP1 Filosofia 1$y19$m612 B 37$j127200$ac. 2$qStampati$B125905$CPULBib$Z2$F125905 $H22053 $82 941 1 $a8 996 $6245$aL'età della controriforma :$blo stato cristiano-sociale dei gesuiti nel Paraguay$9(OLS)http://pul/title/7717 996 $6260$aVenezia :$bLa Nuova Italia$9(OLS)http://pul/publisher/50844 LEADER 01438nam a2200325 a 4500 001 000000157432 003 CaOOAMICUS 005 20161213155501.0 008 161213s2016 it 000 u ita r 020 $a978-88-14-19013-1* 032 $aLibriCat 040 $aPUL$bita 082 14$a346.4506 100 1 $aLibertini, Mario ,$d1942-$0(OLS)http://pul/name/100419 245 12$aL'assemblea di società per azioni :$bartt. 2363-2379 ter / $cMario Libertini, Aurelio Mirone, Pierpaolo M. Sanfilippo . 260 $aMilano :$bGiuffrè,$c©2016. 300 $aLII, 479 p. ; $c25 cm. 504 $aBibliografia in nota a piè pagina. 650 4$aDiritto commerciale$zItalia.$0(OLS)http://pul/subject/1274 650 4$aSocietà per azioni.$0(OLS)http://pul/subject/13287 700 1 $aMirone, Aurelio.$0(OLS)http://pul/name/100421 700 1 $aSanfilippo, Pierpaolo M.$0(OLS)http://pul/name/100420 850 $aPUL 852 $aPUL$W1$xSL Diritto e Scienze Sociali 3$y79$m346. 4506 LIBMA 1$j180740$qDDC 21$B183858$CPULBib$Z2$F183858 $H128565 $81 941 1 $a9 996 $6020$a978-88-14-19013-1*$9(OLS)http://pul/number/161723 996 $6082$a346.4506$9(OLS)http://pul/classification/679 996 $6245$aL'assemblea di società per azioni :$bartt. 2363-2379 ter / $9(OLS)http://pul/title/197033 996 $6260$aMilano :$bGiuffrè$9(OLS)http://pul/publisher/48401